00443cam a2200133 a 4500020001500000082001600015245002800031260008100059300002700140500007300167650002700240700002100267700002100288 a063204284500a621.381 MOL00aMolecular electronics / aOsney Mead, Oxford [England] ;aMalden, MA, USA :bBlackwell Science,c1997. aviii, 485 p. :bill. ; aAt head of title: International Union of Pure and Applied Chemistry. 0aMolecular electronics.1 aJortner, Joshua.1 aRatner, Mark A.,